| 000 | 00528nam a22001817a 4500 | ||
|---|---|---|---|
| 003 | CEME | ||
| 005 | 20210628203650.0 | ||
| 008 | 210203b xxu||||| |||| 00| 0 eng d | ||
| 020 | _a0-8031-1857-0 | ||
| 040 | _c. | ||
| 082 | _a690 SCI | ||
| 100 |
_a Klosowski, Jerome M _966755 |
||
| 245 | _aScience and technology of building seals sealnts, glazing and waterproofing, 2nd volume | ||
| 260 |
_aNEW YROK _bASTM _c1922 |
||
| 300 | _aX,323P | ||
| 650 |
_aBUILDING SEALS.SEALNTS.GLAZING.WATERPROOFING _966756 |
||
| 942 |
_cBK _2ddc |
||
| 999 |
_c574667 _d574667 |
||